Statistiques concernant Paroles - Pitbull - Booba

Cliquez ici pour prendre le quiz!

Statistiques générales

  • Ce quiz a été pris 344 fois
  • Le résultat moyen est 339 sur 485

Statistiques - réponses

Paroles% Correct
à
96%
La
96%
la
96%
le
96%
Le
96%
un
96%
une
95%
de
94%
Je
94%
je
94%
ma
94%
Ma
94%
m'a
94%
M'a
94%
et
93%
Et
93%
chien
92%
en
92%
En
92%
vie
92%
comme
91%
Pas
89%
pas
89%
dans
88%
Dans
88%
son
88%
noir
87%
te
87%
J'ai
86%
j'ai
86%
ne
86%
se
86%
les
85%
que
85%
avec
84%
ça
84%
génération
84%
sale
84%
cour
83%
enclume
83%
est
83%
On
83%
on
83%
plume
83%
par
82%
récréation
82%
venu
82%
Venu
82%
Excalibur
81%
J'suis
81%
j'suis
81%
si
81%
Tout
81%
BN
80%
chienne
80%
Choco
80%
extraire
80%
femme
80%
pitbull
80%
Pitbull
80%
sans
80%
donné
79%
elle
79%
être
79%
ou
79%
79%
sein
79%
mais
78%
Malabar
78%
Quand
78%
quand
78%
Sur
78%
sur
78%
appris
77%
ce
77%
commence
77%
Comment
77%
Du
77%
du
77%
l'Homme
77%
pris
77%
6.45
75%
derrière
75%
différencier
75%
dit
75%
enfant
75%
Enfant
75%
l'bitume
75%
maison
74%
J'aime
73%
mon
73%
Mon
73%
nique
73%
seul
73%
au
72%
sauf
72%
sous
71%
as
70%
haut
70%
m'poser
70%
Bras
69%
mort
69%
problème
69%
reste
69%
Car
68%
chaleur
68%
parages
68%
premier
68%
d'questions
67%
nos
67%
tête
67%
cœur
66%
combat
66%
d'un
66%
haute
66%
rêvé
66%
scène
66%
chant
65%
Des
65%
des
65%
pour
65%
Pour
65%
sport
65%
tu
65%
ciel
64%
étoile
64%
homme
64%
j'veux
64%
J'veux
64%
mourir
64%
pique
64%
sang
64%
suis
64%
Femelle
63%
mes
63%
Mes
63%
m'tenir
63%
dégage
62%
filante
62%
levés
62%
rage
62%
sait
62%
silence
62%
cagoules
61%
ces
61%
l'on
61%
Moi
61%
monde
60%
plein
60%
saigne
60%
seront
60%
veines
60%
derniers
59%
l’œil
59%
grandi
58%
bouteille
56%
cul
56%
faire
56%
sternum
56%
entre
55%
Peu
55%
première
55%
royal
55%
vainqueurs
55%
vu
55%
capharnaüm
54%
caravelle
54%
éternel
54%
l'oseille
54%
queue
54%
rimes
54%
toujours
54%
tour
54%
Crucifié
53%
d'une
53%
jambes
53%
touchent
53%
vaincu
53%
veut
53%
c'est
52%
daronne
51%
singe
51%
cœurs
50%
fois
50%
leur
50%
qu'j'mourrais
50%
richesse
50%
jamais
49%
larme
49%
chiens
48%
plus
48%
triste
48%
importe
47%
j'me
47%
J'me
47%
obtenir
47%
spliff
47%
assis
46%
boule
46%
Dis
46%
Petit
46%
trône
46%
classe
45%
100%
44%
trop
44%
engourdi
43%
J'en
43%
j'en
43%
sens
43%
avance
42%
demander
42%
venait
42%
créé
41%
cycliste
41%
l'ai
41%
l'heure
41%
oinj
41%
tellement
41%
agréé
40%
coureur
40%
méchante
40%
Mississippi
40%
ambiance
39%
d'erreurs
39%
ferme
39%
humaine
39%
l'hécatombe
39%
pied
39%
qu'Dieu
39%
race
39%
cherché
38%
dope
38%
j'vais
38%
malgré
38%
merde
38%
savoir
38%
souvent
38%
tirant
38%
blanc
37%
Lyriciste
37%
Sisi
36%
cicatrices
35%
grimaces
34%
trouvée
34%
terre
33%
promise
32%
B2OBA
31%
cités
30%
d'or
30%
réveillent
29%
l'Amazonie
27%
chromosomes
26%
j'faisais
26%
microphone
26%
déchaîne
25%
profs
25%
Devant
24%
Talentueux
24%
indigènes
22%
qu'j'suis
21%
s'ras
21%
bountykiller
20%
poule
19%
pendu
13%

Distribution des résultats

Percentile par nombre de réponses

% des personnes avec chaque résultat

Votre développement - résultats

Vous n’avez pas pris ce quiz